Sociologická interpretácia trhu

Genéza a historické formy trhu. Trh ako kategória systému, jeho súvislosti s mechanizmami : konkurencia, výmena, kooperácia. Základné súvislosti medzi trhom a spoločenským životom. Forma a obsah sociológie trhu podľa K. Heinmanna. Koncepcie sociológie trhu podľa L. Balcerowicza, K. Türka, T. Parsons...

Descrizione completa

Salvato in:
Dettagli Bibliografici
Autore principale: Partycki, Slawomir
Altri autori: Laiferová, Eva
Natura: Libro
Lingua:slovacco
Soggetti:
Tags: Aggiungi Tag
Nessun Tag, puoi essere il primo ad aggiungerne!!

MARC

LEADER 00000nam a2200000 4500
001 r031840
005 20230929065952.4
041 0 |a slo 
044 |a SK 
245 1 0 |a Sociologická interpretácia trhu  |c Slawomir Partycki ; [preložila] Eva Laiferová 
520 |a Genéza a historické formy trhu. Trh ako kategória systému, jeho súvislosti s mechanizmami : konkurencia, výmena, kooperácia. Základné súvislosti medzi trhom a spoločenským životom. Forma a obsah sociológie trhu podľa K. Heinmanna. Koncepcie sociológie trhu podľa L. Balcerowicza, K. Türka, T. Parsonsa a N.J. Smelsera. 
610 2 0 |a teórie ekonomické 
610 2 0 |a trh 
610 2 0 |a sociológia 
610 2 0 |a peniaze 
610 2 0 |a výmena tovarová 
610 2 0 |a kapitál ľudský 
610 2 0 |a kategórie sociologické 
610 2 0 |a mechanizmus trhový 
610 2 0 |a škola historická 
610 2 0 |a história 
610 2 0 |a Hildebrand, B. 
610 2 0 |a Heinmann, K. 
610 2 0 |a Hayek, F.A. 
610 2 0 |a Balcerowicz, L. 
100 1 |a Partycki, Slawomir 
700 1 |a Laiferová, Eva